| 000 | 00959nam a22002417a 4500 | ||
|---|---|---|---|
| 005 | 20240530110451.0 | ||
| 008 | 150512s2012 ua g b 000 0 ara d | ||
| 017 |
_a2011/23595 _bمصر . دار الكتب المصرية |
||
| 020 | _a978977431236x | ||
| 040 | _aEG-CaGPL | ||
| 082 | 0 | 4 |
_221 _a302.23/ _bص إ |
| 100 | 0 | _aصلاح محمد عبدالحميد | |
| 245 | 1 | 2 |
_aالاعلام السياسى / _cتاليف صلاح محمد عبدالحميد ، ممدوح منير الشامى |
| 250 | _aط1 | ||
| 260 |
_aالقاهرة : _bمؤسسة طيبة للنشر و التوزيع ، _c2012 . |
||
| 300 |
_a298 ص ؛ _c24 سم . |
||
| 504 | _aيشتمل على ارجاعات ببليوجرافية | ||
| 650 | 0 | 4 | _aالاعلام السياسى |
| 650 | 0 | 4 |
_aالاعلام _xالوعى السياسى |
| 700 | 0 |
_aممدوح منير الشامى _eمؤلف مشارك |
|
| 942 |
_2ddc _cBK |
||
| 999 |
_c61256 _d61256 |
||